How Many Carribean Island Countries Can You Name In 15 Seconds - Statistics

General Stats
  • This quiz has been taken 4,137 times
  • The average score is 5 of 13
Answer Stats
Countries % Correct
Cuba
60%
Jamaica
48%
Haiti
47%
Saint Kitts and Nevis
46%
Dominica
45%
Saint Lucia
43%
Saint Vincent and the Grenadines
36%
Barbados
35%
Antigua and Barbuda
34%
Bahamas
34%
Trinidad and Tobago
32%
Grenada
28%
Dominican Republic
18%
No matching quizzes found
Score Distribution
Percent of People with Each Score
Percentile by Number Answered
Your Score History
You have not taken this quiz